Kabale University Library Catalogue

Principles of agricultural economics / (Record no. 6202)

MARC details
000 -LEADER
fixed length control field 00839cam a2200229 i 4500
005 - DATE AND TIME OF LATEST TRANSACTION
control field 20260408201537.0
008 - FIXED-LENGTH DATA ELEMENTS--GENERAL INFORMATION
fixed length control field 230208s2024 enka b 001 0 eng
020 ## - INTERNATIONAL STANDARD BOOK NUMBER
International Standard Book Number 9781032435787
Qualifying information (hardback)
020 ## - INTERNATIONAL STANDARD BOOK NUMBER
International Standard Book Number 9781032435770
Qualifying information (paperback)
020 ## - INTERNATIONAL STANDARD BOOK NUMBER
Canceled/invalid ISBN 9781003367994
Qualifying information (ebook)
040 ## - CATALOGING SOURCE
Original cataloging agency KABLIB
Language of cataloging eng
Description conventions rda
Transcribing agency KABLIB
082 00 - DEWEY DECIMAL CLASSIFICATION NUMBER
Classification number 338.1
Edition number 23
Item number BAR
100 1# - MAIN ENTRY--PERSONAL NAME
Personal name Barkley, Andrew P.,
Dates associated with a name 1962-
Relator term author.
9 (RLIN) 9951
245 10 - TITLE STATEMENT
Title Principles of agricultural economics /
Statement of responsibility, etc. Andrew Barkley, Paul W. Barkley.
250 ## - EDITION STATEMENT
Edition statement 4th ed.
264 #1 - PRODUCTION, PUBLICATION, DISTRIBUTION, MANUFACTURE, AND COPYRIGHT NOTICE
Place of production, publication, distribution, manufacture London ;
-- New York :
Name of producer, publisher, distributor, manufacturer Routledge Taylor & Francis Group,
Date of production, publication, distribution, manufacture, or copyright notice c2024.
300 ## - PHYSICAL DESCRIPTION
Extent xxxii, 489 p. :
Other physical details col. ill. ;
Dimensions 25 cm.
504 ## - BIBLIOGRAPHY, ETC. NOTE
Bibliography, etc. note Includes bibliographical references, index.
650 #0 - SUBJECT ADDED ENTRY--TOPICAL TERM
Topical term or geographic name entry element Agriculture
General subdivision Economic aspects
Geographic subdivision United States.
9 (RLIN) 15777
700 1# - ADDED ENTRY--PERSONAL NAME
Personal name Barkley, Paul W.,
Relator term author.
9 (RLIN) 9953
942 ## - ADDED ENTRY ELEMENTS (KOHA)
Source of classification or shelving scheme Dewey Decimal Classification
Koha item type Book
Holdings
Withdrawn status Lost status Source of classification or shelving scheme Damaged status Not for loan Home library Current library Shelving location Date acquired Source of acquisition Total Checkouts Full call number Barcode Date last seen Price effective from Koha item type
    Dewey Decimal Classification     Mukombe Library Mukombe Library Reserve Section 08.04.2026 Purchased   338.1 BAR 14822 08.04.2026 08.04.2026 Book
    Dewey Decimal Classification     Mukombe Library Mukombe Library Open Access Section 08.04.2026 Purchased   338.1 BAR 14823 08.04.2026 08.04.2026 Book
    Dewey Decimal Classification     Mukombe Library Mukombe Library Open Access Section 08.04.2026 Purchased   338.1 BAR 14824 08.04.2026 08.04.2026 Book

Kabale University Library | Kabale University P.O Box 317, Kabale, Uganda
Tel : +256754017033, +256774661503 E-mail : library@kab.ac.ug